000 00521nam a2200205Ia 4500
003 GCL
008 140319s9999 xx 000 0 ara d
040 _aGCL /
_cGCL
082 0 4 _a634.3
_bم م
100 1 _aمحمد احمد الحسينى
245 1 0 _aالموالح /
_cمحمد احمد الحسينى
300 _a192 ص
490 _a
650 0 4 _aالزراعة
650 0 4 _aالفواكهة
650 0 4 _aالموالح
650 0 4 _aالبرتقال
650 0 4 _aالليمون
942 _2ddc
_cBK
999 _c38332
_d38332